For a better dissemination of scientific and technical information: agricultural and rural development in relation to the ACP states: synopsis of the seminar, held at Montpellier (France) 17-21 december 1984. (Record no. 43698)

MARC details
000 -LEADER
fixed length control field 01052nam a2200181 a 4500
008 - FIXED-LENGTH DATA ELEMENTS--GENERAL INFORMATION
fixed length control field 100112s1985 ||||||||||||||||| || u
050 ## - LIBRARY OF CONGRESS CALL NUMBER
Classification number CTA(02)
110 ## - MAIN ENTRY--CORPORATE NAME
Corporate name or jurisdiction name as entry element Technical Centre for Agricultural and Rural Cooperation (CTA)
245 10 - TITLE STATEMENT
Title For a better dissemination of scientific and technical information: agricultural and rural development in relation to the ACP states: synopsis of the seminar, held at Montpellier (France) 17-21 december 1984.
Statement of responsibility, etc. The Technical Centre for Agricultural and Rural Cooperation (CTA)
246 ## - VARYING FORM OF TITLE
Title proper/short title Scientific and technical information concerning agricultural and rural development in the ACP states.
260 ## - PUBLICATION, DISTRIBUTION, ETC.
Place of publication, distribution, etc. Paris:
Name of publisher, distributor, etc. GERDAT
Date of publication, distribution, etc. 1985
300 ## - PHYSICAL DESCRIPTION
Extent 31p.
350 ## - PRICE (NR) (BK AM CF MU VM SE) [OBSOLETE]
Price 0.00
650 ## - SUBJECT ADDED ENTRY--TOPICAL TERM
Topical term or geographic name entry element COMMUNICATION IN AGRICULTURE--DEVELOPING COUNTRIES--CONGRESSES
650 ## - SUBJECT ADDED ENTRY--TOPICAL TERM
Topical term or geographic name entry element AGRICULTURE
650 ## - SUBJECT ADDED ENTRY--TOPICAL TERM
Topical term or geographic name entry element AGRICULTURE--DEVELOPING COUNTRIES--INFORMATION SERVICES--CONGRESSES
995 ## - RECOMMENDATION 995 [LOCAL, UNIMARC FRANCE]
-- 0.00
-- CBU-MAIN LIBRARY (Kitwe)
-- 1
-- 0.00
-- 1
-- AVAILABLE
-- Jan 12, 2010
-- International Publications
Holdings
Withdrawn status Lost status Source of classification or shelving scheme Damaged status Not for loan Home library Current library Shelving location Date acquired Total Checkouts Full call number Barcode Date last seen Price effective from Koha item type
          CBU-MAIN LIBRARY, KITWE. CBU-MAIN LIBRARY, KITWE.   11/30/2022   CTA(02) Z03005338 11/30/2022 11/30/2022 MONOGRAPH